Learning Management Systems as a Gate to New Experience in Education for Disabled Students
Potreby ľudí so zdravotným postihnutím týkajúce sa IT vo vzdelávaní a vhodné softvérové nástroje a aplikácie, ktoré je možné implementovať do zvoleného systému riadenia výučby. Pilotné kurzy v LMS Moodle 3.6, ktoré obsahujú niektoré užitočné softvérové aplikácie (autentifikácia jedným zdrojom, a...
Na minha lista:
| Autor principal: | |
|---|---|
| Outros Autores: | |
| Formato: | Capítulo de Livro |
| Idioma: | inglês |
| Assuntos: | |
| Tags: |
Sem tags, seja o primeiro a adicionar uma tag!
|
MARC
| LEADER | 00000naa$a2200000$$$4500 | ||
|---|---|---|---|
| 001 | 0271080 | ||
| 005 | 20240502083819.8 | ||
| 041 | 0 | |a eng | |
| 044 | |a CZ | ||
| 245 | 1 | 0 | |a Learning Management Systems as a Gate to New Experience in Education for Disabled Students |c Eva Rakovská, Alžbeta Kanáliková |
| 520 | |a Potreby ľudí so zdravotným postihnutím týkajúce sa IT vo vzdelávaní a vhodné softvérové nástroje a aplikácie, ktoré je možné implementovať do zvoleného systému riadenia výučby. Pilotné kurzy v LMS Moodle 3.6, ktoré obsahujú niektoré užitočné softvérové aplikácie (autentifikácia jedným zdrojom, aplikácia prevodu textu na reč, chatovacie dialógové okno, skype atď.), ktoré by zjednodušili vzdelávanie ľudí s viacnásobným postihnutím. | ||
| 610 | 2 | 0 | |a študenti |
| 610 | 2 | 0 | |a vzdelávanie |
| 610 | 2 | 0 | |a vzdelávanie elektronické |
| 610 | 2 | 0 | |a technológie informačné |
| 610 | 2 | 0 | |a vyučovanie |
| 100 | 1 | |a Rakovská, Eva, 1963- | |
| 700 | 1 | |a Kanáliková, Alžbeta, 1969- | |